00374nam a2200157Ia 4500003000400000005001700004008004100021040000700062041000800069082001500077100002000092245004300112260004000155300000900195650001200204OSt20260316130658.0250729s2000 xx 000 0 und d cAL aeng a930.7 GILI aGilbert sequira aBharathada ithihasa II (AD 1206 - 1856 aMangalorebMangala Prakashanac2000 a591p aHistory